[Event "4NCL Division 1c"]
[Site "Telford, ENG"]
[Date "2017.05.01"]
[Round "11.12"]
[White "Howell, David W L"]
[Black "Jones, Gawain C B"]
[Result "1/2-1/2"]
[WhiteElo "2684"]
[BlackElo "2671"]
[PlyCount "110"]
[EventDate "2017.05.01"]
[WhiteTeam "Cheddleton 1"]
[BlackTeam "Guildford 1"]

1. d4 Nf6 2. Nf3 g6 3. c4 Bg7 4. g3 O-O 5. Bg2 d6 6. O-O c5 7. Nc3 Nc6 8. dxc5
dxc5 9. Be3 Qa5 10. Qb3 Qb4 11. Qxb4 cxb4 12. Nd5 Ne4 13. Rab1 Rd8 14. Nd4 Bxd4
15. Bxe4 e6 16. Nc7 Rb8 17. Na6 bxa6 18. Bxc6 Bxe3 19. fxe3 Bb7 20. Bxb7 Rxb7
21. Kf2 Rc7 22. b3 Rd2 23. Ra1 Rcd7 24. a3 bxa3 25. Rxa3 Rb2 26. Rxa6 Rxb3 27.
Rfa1 Rc7 28. R1a4 Rc3 29. Rxa7 Rxa7 30. Rxa7 Rxc4 31. h4 Kg7 32. Kf3 Kf6 33.
Rb7 h6 34. Ra7 g5 35. hxg5+ hxg5 36. g4 Rc6 37. Rb7 Kg6 38. Rb8 f5 39. Rg8+ Kf6
40. Rf8+ Kg7 41. Ra8 Rc3 42. gxf5 exf5 43. Ra7+ Kg6 44. Ra6+ Kh5 45. Ra5 f4 46.
Re5 Kh4 47. Kf2 Rxe3 48. Rxe3 fxe3+ 49. Kxe3 Kg3 50. Kd3 g4 51. e4 Kf4 52. e5
Kxe5 53. Ke3 g3 54. Kf3 g2 55. Kf2 g1=N 1/2-1/2

[Event "4NCL Division 1c"]
[Site "Telford, ENG"]
[Date "2017.05.01"]
[Round "11.13"]
[White "Anton Guijarro, David"]
[Black "Hawkins, Jonathan"]
[Result "1-0"]
[WhiteElo "2679"]
[BlackElo "2585"]
[PlyCount "99"]
[EventDate "2017.05.01"]
[WhiteTeam "Guildford 1"]
[BlackTeam "Cheddleton 1"]

1. e4 c6 2. d4 d5 3. e5 c5 4. dxc5 Nc6 5. f4 Nh6 6. c3 e6 7. Be3 f6 8. exf6
Qxf6 9. Bb5 Nf5 10. Bf2 Qg6 11. Nf3 Qxg2 12. Rg1 Qh3 13. Ne5 Bd7 14. Bxc6 Bxc6
15. Qe2 Qh6 16. Nd2 Be7 17. O-O-O O-O 18. Nxc6 bxc6 19. Rg4 Rae8 20. Nf3 Bd8
21. Ne5 Bc7 22. Nxc6 Bxf4+ 23. Kb1 Ne3 24. Bxe3 Bxe3 25. Nd4 Rf2 26. Qb5 Ref8
27. c6 Bf4 28. Rdg1 Be5 29. c7 Qd2 30. a3 Bxd4 31. Rxd4 Qc2+ 32. Ka1 R2f7 33.
Qc6 Qxh2 34. c8=Q Qxg1+ 35. Ka2 Rxc8 36. Qxc8+ Rf8 37. Qxe6+ Kh8 38. Qxd5 Qf2
39. c4 h6 40. c5 Rc8 41. Rc4 Qh2 42. c6 Qc7 43. Qd7 Kh7 44. Qxc7 Rxc7 45. b4
Kg6 46. b5 Kf6 47. Kb3 g5 48. a4 Ke5 49. Kb4 Kd6 50. Rd4+ 1-0

[Event "4NCL Division 1c"]
[Site "Telford, ENG"]
[Date "2017.05.01"]
[Round "11.16"]
[White "Fodor, Tamas Jr"]
[Black "Pert, Nicholas"]
[Result "1/2-1/2"]
[WhiteElo "2513"]
[BlackElo "2565"]
[PlyCount "93"]
[EventDate "2017.05.01"]
[WhiteTeam "Cheddleton 1"]
[BlackTeam "Guildford 1"]

1. Nf3 d5 2. g3 Bg4 3. Bg2 Nd7 4. c4 e6 5. O-O Ngf6 6. d3 Bd6 7. cxd5 exd5 8.
Nc3 c6 9. Qc2 O-O 10. e4 Re8 11. h3 Bh5 12. Nh4 Nc5 13. f4 Ne6 14. Kh2 Bc5 15.
Na4 Bf8 16. Nc3 Bc5 17. Na4 Bf8 18. Re1 Qa5 19. Be3 Bb4 20. Rec1 d4 21. Bf2 Bd2
22. b4 Bxb4 23. f5 b5 24. Nb2 Bc3 25. fxe6 Qa3 26. Nd1 Bxa1 27. exf7+ Bxf7 28.
Rxa1 c5 29. Nf5 Rad8 30. g4 c4 31. Bf1 c3 32. Kg1 Qc5 33. Qc1 Be6 34. Nxd4 Rxd4
35. Nxc3 Red8 36. Qe1 Qe5 37. Bxd4 Qxd4+ 38. Kh1 b4 39. Nb5 Qe5 40. d4 Qxe4+
41. Qxe4 Nxe4 42. Nxa7 Rxd4 43. Nc6 Rd2 44. Nxb4 Ng3+ 45. Kg1 Nxf1 46. Rxf1
Bxa2 47. Nxa2 1/2-1/2

[Event "4NCL Division 1c"]
[Site "Telford, ENG"]
[Date "2017.05.01"]
[Round "11.21"]
[White "Wells, Peter K"]
[Black "Abbas, Daniel"]
[Result "1/2-1/2"]
[WhiteElo "2427"]
[BlackElo "2285"]
[PlyCount "60"]
[EventDate "2017.05.01"]
[WhiteTeam "White Rose 1"]
[BlackTeam "3Cs 1"]

1. d4 Nf6 2. Nf3 e6 3. c4 b6 4. g3 Ba6 5. b3 b5 6. cxb5 Bxb5 7. Bg2 d5 8. O-O
Nbd7 9. Nc3 Ba6 10. Ne5 c6 11. Bg5 Nxe5 12. dxe5 h6 13. Bxf6 gxf6 14. exf6 Qxf6
15. Rc1 Ba3 16. Rc2 Rc8 17. Qd2 Qe7 18. Rd1 Bb4 19. e4 Bb7 20. a3 Bxa3 21. exd5
cxd5 22. Bxd5 Bxd5 23. Qd4 Bxb3 24. Qxh8+ Qf8 25. Qd4 Qc5 26. Ne4 Qxc2 27. Qh8+
Ke7 28. Qf6+ Ke8 29. Qh8+ Ke7 30. Qf6+ Ke8 1/2-1/2

[Event "4NCL Division 1c"]
[Site "Telford, ENG"]
[Date "2017.05.01"]
[Round "11.22"]
[White "Longson, Alexander"]
[Black "McNab, Colin A"]
[Result "1/2-1/2"]
[WhiteElo "2321"]
[BlackElo "2436"]
[PlyCount "115"]
[EventDate "2017.05.01"]
[WhiteTeam "3Cs 1"]
[BlackTeam "White Rose 1"]

1. e4 g6 2. d4 d6 3. Nc3 Bg7 4. Be3 Nf6 5. Qd2 c6 6. Bh6 Bxh6 7. Qxh6 Qa5 8.
Bd3 Na6 9. Nge2 Nb4 10. O-O Bd7 11. a3 Nxd3 12. cxd3 Qh5 13. Qe3 O-O 14. f3 e5
15. dxe5 Qxe5 16. d4 Qe7 17. Qh6 Rfe8 18. Nf4 Kh8 19. Nd3 Be6 20. Rfe1 Bc4 21.
Rad1 Ng8 22. Qf4 Bxd3 23. Rxd3 Rad8 24. d5 c5 25. Rde3 Qf6 26. Qg3 a6 27. f4
Qd4 28. Rd1 Qg7 29. Ree1 b5 30. e5 b4 31. Na4 Nh6 32. exd6 Nf5 33. Rxe8+ Rxe8
34. d7 Rd8 35. Qe1 Qf8 36. axb4 cxb4 37. Qe5+ Kg8 38. Qc7 Qe7 39. Nc5 Nd6 40.
Kf1 Qf6 41. Ne6 fxe6 42. Qxd6 Kf7 43. dxe6+ Qxe6 44. Qxe6+ Kxe6 45. Ke2 h5 46.
Rd4 a5 47. Kd3 a4 48. Rxb4 Rxd7+ 49. Ke3 Ra7 50. Ke4 a3 51. Rb6+ Kf7 52. bxa3
Rxa3 53. Rb7+ Kf6 54. Rb6+ Kf7 55. Rb2 Kf6 56. Rd2 Rb3 57. Re2 g5 58. fxg5+
1/2-1/2

[Event "4NCL Division 1c"]
[Site "Telford, ENG"]
[Date "2017.05.01"]
[Round "11.23"]
[White "Palliser, Richard J D"]
[Black "Guichard, Pauline"]
[Result "1/2-1/2"]
[WhiteElo "2417"]
[BlackElo "2312"]
[PlyCount "133"]
[EventDate "2017.05.01"]
[WhiteTeam "White Rose 1"]
[BlackTeam "3Cs 1"]

1. d4 Nf6 2. Bf4 g6 3. Nc3 Bg7 4. e4 d6 5. Qd2 Nc6 6. Bb5 a6 7. Bxc6+ bxc6 8.
Bh6 O-O 9. O-O-O Bxh6 10. Qxh6 e5 11. dxe5 Ng4 12. Qd2 Nxe5 13. f4 Nc4 14. Qd3
Be6 15. Nge2 Qb8 16. b3 Na3 17. f5 Bd7 18. Qg3 a5 19. Nf4 Qe8 20. Nh5 f6 21.
Rhf1 g5 22. Nxf6+ Rxf6 23. Qxg5+ Kf7 24. Qf4 a4 25. g4 axb3 26. axb3 Kg8 27. e5
Rf7 28. exd6 cxd6 29. Rfe1 Qf8 30. Qxd6 Qg7 31. Qe5 Qxe5 32. Rxe5 Nb5 33. Nxb5
Ra1+ 34. Kd2 Rxd1+ 35. Kxd1 cxb5 36. Ke2 Kg7 37. Kf3 Bc6+ 38. Kf4 Ra7 39. Rc5
Be8 40. Re5 Bc6 41. Rc5 Be8 42. Re5 Kf8 43. Rc5 Ra6 44. h4 Rh6 45. h5 Rb6 46.
Rc8 b4 47. g5 Rc6 48. Rb8 Rxc2 49. g6 hxg6 50. hxg6 Ke7 51. Rxb4 Kf6 52. Rb6+
Bc6 53. b4 Rc4+ 54. Ke3 Kxf5 55. g7 Bd5 56. Rb5 Rg4 57. Rxd5+ Ke6 58. Rd4 Rxg7
59. Kd3 Rd7 60. b5 Rxd4+ 61. Kxd4 Kd6 62. Kc4 Kc7 63. Kc5 Kb7 64. b6 Kb8 65.
Kc6 Kc8 66. b7+ Kb8 67. Kb6 1/2-1/2

[Event "4NCL Division 1c"]
[Site "Telford, ENG"]
[Date "2017.05.01"]
[Round "11.24"]
[White "Ashton, Adam G"]
[Black "Gantner, Matthias"]
[Result "0-1"]
[WhiteElo "2360"]
[BlackElo "2307"]
[PlyCount "112"]
[EventDate "2017.05.01"]
[WhiteTeam "3Cs 1"]
[BlackTeam "White Rose 1"]

1. e4 d6 2. d4 Nf6 3. Nc3 Nbd7 4. Nf3 e5 5. Bc4 Be7 6. O-O O-O 7. Re1 c6 8. a4
a5 9. b3 exd4 10. Nxd4 Nb6 11. Bf1 d5 12. e5 Ne8 13. Qh5 g6 14. Qh6 Ng7 15. Bd3
Nd7 16. Nf3 Re8 17. Bg5 Nf8 18. Bxe7 Qxe7 19. h3 Bd7 20. Qd2 f6 21. Bf1 Bf5 22.
exf6 Qxf6 23. Nd4 Bd7 24. Nce2 Nfe6 25. c3 Rf8 26. Ng3 Nf4 27. Re3 h5 28. Rae1
h4 29. Nh1 Rae8 30. Rxe8 Nxe8 31. Qe3 Nd6 32. Qe5 Ne4 33. Qxf6 Rxf6 34. c4 Nd2
35. cxd5 Nxd5 36. f3 Rf4 37. Ne6 Bxe6 38. Rxe6 Kf7 39. Rd6 Nxf1 40. Kxf1 Rb4
41. Nf2 Rxb3 42. Ne4 Rb1+ 43. Ke2 Ke7 44. Kf2 Rb2+ 45. Kg1 Nf4 46. Rf6 g5 47.
Rf5 Rxg2+ 48. Kf1 Rb2 49. Nxg5 Nd5 50. Rf7+ Kd6 51. Rh7 Ne3+ 52. Ke1 b5 53.
axb5 cxb5 54. Ne4+ Kc6 55. Rh6+ Kd5 56. Rh5+ Kd4 0-1

[Event "4NCL Division 1c"]
[Site "Telford, ENG"]
[Date "2017.05.01"]
[Round "11.25"]
[White "Gourlay, Iain"]
[Black "Walton, Alan J"]
[Result "1-0"]
[WhiteElo "2393"]
[BlackElo "2199"]
[PlyCount "109"]
[EventDate "2017.05.01"]
[WhiteTeam "White Rose 1"]
[BlackTeam "3Cs 1"]

1. c4 f5 2. g3 Nf6 3. Bg2 d6 4. Nc3 e5 5. d4 Be7 6. b3 c6 7. e3 O-O 8. Nge2 Na6
9. O-O Nc7 10. Ba3 e4 11. d5 c5 12. f3 exf3 13. Bxf3 Nd7 14. Bg2 Ne5 15. Bb2
Bf6 16. Qd2 Rb8 17. e4 b5 18. cxb5 Nxb5 19. exf5 Bg5 20. Nf4 Bxf5 21. Nxb5 Rxb5
22. Qe2 Bxf4 23. Rxf4 Bd3 24. Qe3 c4 25. Rxf8+ Qxf8 26. Bxe5 dxe5 27. bxc4 Bxc4
28. Qxe5 h6 29. Qd4 Bxa2 30. d6 Be6 31. d7 Qd8 32. Bc6 Rb8 33. Re1 Qf8 34. Qe5
Bf7 35. Qxb8 Qxb8 36. Re8+ Bxe8 37. dxe8=Q+ Qxe8 38. Bxe8 Kf8 39. Ba4 Ke7 40.
Kf2 Kf6 41. Kf3 Kg5 42. h4+ Kf6 43. Kf4 Ke6 44. g4 Kf6 45. Bb3 a5 46. Ke4 Kg6
47. Ke5 Kh7 48. Kf5 h5 49. g5 Kh8 50. Kg6 a4 51. Bxa4 Kg8 52. Kxh5 Kh7 53. Bc2+
Kh8 54. Kg6 Kg8 55. h5 1-0

[Event "4NCL Division 1c"]
[Site "Telford, ENG"]
[Date "2017.05.01"]
[Round "11.26"]
[White "Congiu, Mathilde"]
[Black "Arakhamia-Grant, Ketevan"]
[Result "0-1"]
[WhiteElo "2227"]
[BlackElo "2374"]
[PlyCount "90"]
[EventDate "2017.05.01"]
[WhiteTeam "3Cs 1"]
[BlackTeam "White Rose 1"]

1. e4 c5 2. Nf3 e6 3. d4 cxd4 4. c3 d3 5. Bxd3 d6 6. c4 Nf6 7. Nc3 Be7 8. O-O
Nbd7 9. b3 a6 10. Bb2 b6 11. Re1 Bb7 12. Qc2 Qc7 13. Rad1 O-O 14. Qb1 Rfe8 15.
Bf1 Rad8 16. g3 Qb8 17. Bg2 b5 18. cxb5 axb5 19. Nxb5 Nxe4 20. a4 d5 21. Qa1
Bf8 22. Nfd4 e5 23. Bxe4 dxe4 24. Nf5 Nc5 25. Rxd8 Qxd8 26. Bxe5 Qd5 27. Bxg7
Qxf5 28. Bxf8 Rxf8 29. Nd6 Qd5 30. Rd1 Nd3 31. Nxb7 f5 32. b4 Qxb7 33. b5 Qb6
34. Qa2+ Kg7 35. Qd2 f4 36. Qc3+ Rf6 37. Rd2 Qe6 38. Qc7+ Rf7 39. Qd8 h6 40.
Qd4+ Kh7 41. Re2 f3 42. Rc2 Rd7 43. Qc4 Nb2 44. Qf1 Rd1 45. Rxb2 Qh3 0-1

[Event "4NCL Division 1c"]
[Site "Telford, ENG"]
[Date "2017.05.01"]
[Round "11.27"]
[White "Maroroa, Sue"]
[Black "Horton, Jamie A"]
[Result "1/2-1/2"]
[WhiteElo "2320"]
[BlackElo "2176"]
[PlyCount "82"]
[EventDate "2017.05.01"]
[WhiteTeam "White Rose 1"]
[BlackTeam "3Cs 1"]

1. e4 c6 2. d4 d5 3. e5 Bf5 4. h4 h5 5. Bd3 Bxd3 6. Qxd3 e6 7. Bg5 Be7 8. Nf3
Nh6 9. Nc3 Nf5 10. Ne2 c5 11. c3 cxd4 12. cxd4 Nc6 13. Ng3 Nxg3 14. fxg3 Bxg5
15. Nxg5 Qa5+ 16. Qc3 Qxc3+ 17. bxc3 Rc8 18. O-O O-O 19. Rab1 Rc7 20. Rf3 Ne7
21. Kf2 Nf5 22. Ke2 Rfc8 23. Kd2 b6 24. Nh3 Rc4 25. Nf4 g6 26. Ne2 Ra4 27. Rb2
Kg7 28. Nf4 Ra3 29. Ne2 Ra4 30. Nf4 Rc7 31. Nd3 Rac4 32. Nb4 Rc8 33. Nc2 R8c7
34. Ne3 Ra4 35. Nc2 Kf8 36. a3 Kg7 37. Rb4 Ra5 38. Kc1 Ne7 39. Kb2 Nc6 40. Rb3
Ra4 41. Ne3 Kf8 1/2-1/2

[Event "4NCL Division 1c"]
[Site "Telford, ENG"]
[Date "2017.05.01"]
[Round "11.28"]
[White "Burrows, Martin P"]
[Black "Webb, Matthew D"]
[Result "0-1"]
[WhiteElo "2113"]
[BlackElo "2225"]
[PlyCount "98"]
[EventDate "2017.05.01"]
[WhiteTeam "3Cs 1"]
[BlackTeam "White Rose 1"]

1. e4 e5 2. Nf3 Nc6 3. Bb5 f5 4. d3 fxe4 5. dxe4 Nf6 6. O-O Bc5 7. Nc3 d6 8.
Bg5 O-O 9. Nd5 Kh8 10. Nh4 Be6 11. Bxf6 Rxf6 12. Nxf6 Qxf6 13. Nf5 Bxf5 14.
exf5 Qxf5 15. Bxc6 bxc6 16. Qe2 e4 17. Rab1 a5 18. c3 d5 19. b4 Bd6 20. bxa5
Qe5 21. g3 Bc5 22. Rb3 Kg8 23. a6 Bb6 24. Kg2 Rf8 25. a4 Qe7 26. Rb4 Qc5 27.
Rb3 Rf3 28. Qb2 h5 29. Rxb6 cxb6 30. a7 Qa5 31. c4 Qxa7 32. cxd5 cxd5 33. Qb5
Qf7 34. Qxb6 Kh7 35. Qd4 Qf5 36. Qd1 h4 37. a5 h3+ 38. Kg1 Rd3 39. Qe2 Rd2 40.
Qe3 d4 41. Qf4 Qxf4 42. gxf4 Ra2 43. Rd1 Rxa5 44. Kf1 Ra4 45. Rb1 d3 46. Ke1
Kg6 47. Rb5 Ra1+ 48. Kd2 Rf1 49. f5+ Kg5 0-1

[Event "4NCL Division 1c"]
[Site "Telford, ENG"]
[Date "2017.05.01"]
[Round "11.33"]
[White "Pein, Malcolm"]
[Black "Collins, Sam E"]
[Result "1/2-1/2"]
[WhiteElo "2348"]
[BlackElo "2450"]
[PlyCount "38"]
[EventDate "2017.05.01"]
[WhiteTeam "Wood Green HK"]
[BlackTeam "Barbican 4NCL 1"]

1. Nf3 d5 2. d4 Nf6 3. c4 dxc4 4. e3 Bg4 5. Bxc4 e6 6. Nc3 Nc6 7. h3 Bh5 8. Bb5
Bd6 9. e4 Bb4 10. Qa4 O-O 11. Bxc6 Bxc3+ 12. bxc3 bxc6 13. Qxc6 Qd6 14. Qxd6
cxd6 15. Nd2 d5 16. e5 Nd7 17. c4 dxc4 18. Nxc4 Rac8 19. Ne3 Rfd8 1/2-1/2

[Event "4NCL Division 1c"]
[Site "Telford, ENG"]
[Date "2017.05.01"]
[Round "11.34"]
[White "Taylor, Martin R"]
[Black "Fitzsimons, David"]
[Result "1-0"]
[WhiteElo "2354"]
[BlackElo "2359"]
[PlyCount "133"]
[EventDate "2017.05.01"]
[WhiteTeam "Barbican 4NCL 1"]
[BlackTeam "Wood Green HK"]

1. d4 d6 2. e4 Nf6 3. f3 c5 4. d5 e6 5. c4 exd5 6. cxd5 g6 7. Nc3 Bg7 8. Nge2
O-O 9. Ng3 h5 10. Be2 Nh7 11. Be3 h4 12. Nf1 f5 13. Nd2 f4 14. Bf2 Nd7 15. Qc2
a6 16. a4 b6 17. O-O Ne5 18. Kh1 g5 19. Nc4 Ra7 20. h3 Nxc4 21. Bxc4 Be5 22.
Rfd1 Nf6 23. Ne2 Rh7 24. Nc1 Nd7 25. Ra3 Bh8 26. Be2 Re8 27. Nd3 b5 28. axb5
axb5 29. b4 c4 30. Nc1 Ne5 31. Na2 Bd7 32. Nc3 Qc8 33. Bf1 Rf8 34. Rc1 g4 35.
fxg4 f3 36. Nd1 fxg2+ 37. Bxg2 Rhf7 38. Bxh4 Rh7 39. Be1 Bxg4 40. Rg3 Nd3 41.
Qxd3 cxd3 42. Rxc8 Rxc8 43. Rxg4+ Rg7 44. Rxg7+ Bxg7 45. Nf2 Bc3 46. Bxc3 Rxc3
47. Bf1 d2 48. Kg2 Rc1 49. Be2 Rb1 50. Kf3 Rb3+ 51. Kf4 Rxb4 52. Ke3 Rb2 53. h4
b4 54. Nd3 d1=Q 55. Bxd1 Rh2 56. Nxb4 Rxh4 57. Nc2 Kg7 58. Nd4 Rh3+ 59. Kf4
Rh4+ 60. Bg4 Kf6 61. Nf5 Rh5 62. Nxd6 Rh1 63. e5+ Ke7 64. Nf5+ Kd8 65. Kg5 Rg1
66. d6 Kd7 67. Nd4+ 1-0

[Event "4NCL Division 1c"]
[Site "Telford, ENG"]
[Date "2017.05.01"]
[Round "11.35"]
[White "Cooper, Lawrence H"]
[Black "Zaksaite, Salomeja"]
[Result "1/2-1/2"]
[WhiteElo "2341"]
[BlackElo "2262"]
[PlyCount "45"]
[EventDate "2017.05.01"]
[WhiteTeam "Wood Green HK"]
[BlackTeam "Barbican 4NCL 1"]

1. d4 Nf6 2. Bg5 d5 3. Bxf6 exf6 4. e3 Bd6 5. c4 dxc4 6. Bxc4 O-O 7. Nc3 c5 8.
Nf3 Nc6 9. h3 cxd4 10. exd4 Re8+ 11. Be2 b6 12. O-O Bb7 13. a3 Rc8 14. Qa4 Bb8
15. Rfd1 Qd6 16. Ba6 Bxa6 17. Qxa6 Na5 18. Re1 Nc6 19. Qb5 Red8 20. Rad1 h6 21.
Re2 Ne7 22. Rde1 Rd7 23. g3 1/2-1/2

[Event "4NCL Division 1c"]
[Site "Telford, ENG"]
[Date "2017.05.01"]
[Round "11.37"]
[White "Kulon, Klaudia"]
[Black "Dorrington, Chris J"]
[Result "1/2-1/2"]
[WhiteElo "2372"]
[BlackElo "2316"]
[PlyCount "109"]
[EventDate "2017.05.01"]
[WhiteTeam "Wood Green HK"]
[BlackTeam "Barbican 4NCL 1"]

1. e4 c5 2. b3 e6 3. Bb2 Nf6 4. e5 Nd5 5. g3 d6 6. exd6 Nc6 7. Bg2 Qxd6 8. Ne2
e5 9. O-O Be6 10. f4 exf4 11. c4 Nf6 12. Nxf4 O-O-O 13. Bxf6 gxf6 14. Nd5 h5
15. Nbc3 h4 16. Nb5 Qe5 17. Re1 Qh5 18. Qxh5 Rxh5 19. Nf4 Rg5 20. Nxe6 fxe6 21.
Rxe6 hxg3 22. h4 Re5 23. Re1 Rxe1+ 24. Rxe1 a6 25. Nc3 Nb4 26. Bd5 Bh6 27. Re2
Bf4 28. a3 Nd3 29. Re7 Rh8 30. Bxb7+ Kd8 31. Nd5 Ne5 32. h5 Bxd2 33. Bxa6 Rxh5
34. Kg2 Be1 35. Rg7 Rh2+ 36. Kf1 g2+ 37. Rxg2 Rxg2 38. Kxg2 Nc6 39. Kf1 Ba5 40.
Bb7 Ne7 41. Nxf6 Kc7 42. Bf3 Bd2 43. Ne4 Bc1 44. Nxc5 Bxa3 45. Nd3 Nf5 46. Kf2
Kb6 47. Bd1 Nd4 48. Ke3 Nc6 49. Kd2 Nb4 50. Nf4 Bb2 51. Bf3 Be5 52. Ne6 Na6 53.
Nf8 Bg7 54. Ne6 Be5 55. Kd3 1/2-1/2

[Event "4NCL Division 1c"]
[Site "Telford, ENG"]
[Date "2017.05.01"]
[Round "11.41"]
[White "Roberson, Peter T"]
[Black "Fernandez, Daniel Howard"]
[Result "1-0"]
[WhiteElo "2401"]
[BlackElo "2487"]
[PlyCount "87"]
[EventDate "2017.05.01"]
[WhiteTeam "Grantham Sharks 1"]
[BlackTeam "Guildford 2"]

1. e4 e5 2. Nf3 Nf6 3. Nxe5 d6 4. Nf3 Nxe4 5. c4 Be7 6. d4 O-O 7. Bd3 Ng5 8.
Nc3 Bg4 9. Bxg5 Bxg5 10. Bxh7+ Kxh7 11. h4 Re8+ 12. Kf1 Bh6 13. Ng5+ Qxg5 14.
hxg5 Bxd1 15. Rxd1 Nd7 16. gxh6 gxh6 17. Nd5 Rac8 18. g4 Kg6 19. Kg2 Nf6 20.
Ne3 Rh8 21. Kf3 Rce8 22. Rh2 c6 23. Rdh1 h5 24. gxh5+ Rxh5 25. Rg2+ Kh7 26.
Rxh5+ Nxh5 27. Nf5 Re1 28. Rg5 Nf6 29. Rg7+ Kh8 30. Rxf7 Ne4 31. Rxb7 Nd2+ 32.
Kg2 Re6 33. b3 a5 34. Ra7 Rf6 35. Ng3 Nf3 36. d5 cxd5 37. cxd5 Ne1+ 38. Kg1 Nd3
39. Ne4 Rf4 40. Nxd6 Rxf2 41. Nf7+ Kg8 42. Ne5 Rxa2 43. Nxd3 Rd2 44. Nc5 1-0

[Event "4NCL Division 1c"]
[Site "Telford, ENG"]
[Date "2017.05.01"]
[Round "11.42"]
[White "Demuth, Adrien"]
[Black "Rendle, Thomas E"]
[Result "1/2-1/2"]
[WhiteElo "2529"]
[BlackElo "2360"]
[PlyCount "147"]
[EventDate "2017.05.01"]
[WhiteTeam "Guildford 2"]
[BlackTeam "Grantham Sharks 1"]

1. Nf3 f5 2. d3 Nc6 3. e4 e5 4. d4 fxe4 5. Nxe5 Nf6 6. Be2 d6 7. Nxc6 bxc6 8.
c4 Be7 9. Nc3 O-O 10. Be3 Rb8 11. Qd2 d5 12. O-O Bg4 13. Rac1 Qd7 14. cxd5 cxd5
15. f3 Bf5 16. Bf4 Bb4 17. a3 Ba5 18. b4 Bb6 19. Be5 Kh8 20. f4 Ng4 21. Bxg4
Bxg4 22. h3 Be6 23. Ne2 Ra8 24. Rc3 a5 25. Ng3 axb4 26. axb4 Qe8 27. Kh2 Bf5
28. Qe2 Ra7 29. Nh5 c6 30. Rfc1 Bg6 31. Ng3 Bc7 32. Rxc6 Bxe5 33. dxe5 Ra8 34.
Qg4 Qf7 35. Rf1 Bf5 36. Nxf5 Qxf5 37. Qxf5 Rxf5 38. Rd6 g5 39. Rxd5 gxf4 40.
Rd4 Rxe5 41. Rxf4 e3 42. Rde4 Rae8 43. Rf8+ Rxf8 44. Rxe5 Rb8 45. b5 e2 46.
Rxe2 Rxb5 47. Re7 h5 48. Kg3 Rg5+ 49. Kf3 Rf5+ 50. Kg3 Rg5+ 51. Kh2 Kg8 52. Rd7
Ra5 53. Kg3 Rg5+ 54. Kf3 Rf5+ 55. Ke4 Rg5 56. Rd2 Kg7 57. Kf4 Ra5 58. Rd7+ Kg6
59. Rd6+ Kg7 60. Re6 Ra2 61. g3 Kf7 62. Re5 Kg6 63. Re6+ Kf7 64. Rd6 Kg7 65.
Kf5 Ra5+ 66. Ke4 Ra4+ 67. Rd4 Ra2 68. Kf5 Ra5+ 69. Kf4 Kg6 70. Rd6+ Kg7 71. Re6
Ra2 72. Kf5 Ra3 73. Kf4 h4 74. gxh4 1/2-1/2

[Event "4NCL Division 1c"]
[Site "Telford, ENG"]
[Date "2017.05.01"]
[Round "11.43"]
[White "Batchelor, Peter J"]
[Black "Zhou, Yang-Fan"]
[Result "0-1"]
[WhiteElo "2321"]
[BlackElo "2500"]
[PlyCount "126"]
[EventDate "2017.05.01"]
[WhiteTeam "Grantham Sharks 1"]
[BlackTeam "Guildford 2"]

1. d4 d6 2. Nf3 Nd7 3. c4 e5 4. e4 Ngf6 5. Nc3 g6 6. Be2 Bg7 7. O-O O-O 8. Re1
c6 9. h3 exd4 10. Nxd4 Re8 11. Nb3 Nxe4 12. Nxe4 Rxe4 13. Qxd6 Qe8 14. Qd1 h6
15. Bd2 Bxb2 16. Bd3 Re6 17. Rb1 Bg7 18. Rxe6 Qxe6 19. Qc2 Ne5 20. Re1 Qd6 21.
Be4 Be6 22. c5 Qe7 23. f4 Nd7 24. Bf3 Rd8 25. Qc1 Qf6 26. Be3 Nf8 27. Na5 Rd7
28. Rd1 Bd5 29. Bxd5 cxd5 30. c6 bxc6 31. Qxc6 d4 32. Qxf6 Bxf6 33. Bf2 Ne6 34.
g3 Kf8 35. Kf1 Rc7 36. Nb3 Rc4 37. Ke2 Ke7 38. Kd3 Ra4 39. Rd2 Kd6 40. Ke4 Nc5+
41. Nxc5 Kxc5 42. g4 a5 43. h4 Bg7 44. h5 gxh5 45. gxh5 Rc4 46. Bh4 Rc3 47. Rg2
Re3+ 48. Kf5 Bf8 49. Bf2 Re6 50. Rg8 Bd6 51. Ra8 Kc4 52. Bxd4 Kxd4 53. Rxa5 Be7
54. a4 Rf6+ 55. Kg4 Bd6 56. f5 Ke4 57. Rb5 Be5 58. Rc5 Rb6 59. a5 Rb1 60. Rc4+
Bd4 61. f6 Rg1+ 62. Kh3 Kf3 63. Kh2 Rd1 0-1

[Event "4NCL Division 1c"]
[Site "Telford, ENG"]
[Date "2017.05.01"]
[Round "11.44"]
[White "Hebden, Mark L"]
[Black "Foisor, Mihaela-Veronica"]
[Result "1/2-1/2"]
[WhiteElo "2494"]
[BlackElo "2227"]
[PlyCount "123"]
[EventDate "2017.05.01"]
[WhiteTeam "Guildford 2"]
[BlackTeam "Grantham Sharks 1"]

1. d4 Nf6 2. Nf3 e6 3. Bg5 d5 4. e3 Be7 5. c4 O-O 6. Nc3 b6 7. Bd3 Bb7 8. O-O
Nbd7 9. Rc1 Rc8 10. Qe2 h6 11. Bf4 c5 12. cxd5 Nxd5 13. Nxd5 exd5 14. Ba6 Bxa6
15. Qxa6 Ra8 16. Rfd1 Nf6 17. Ne5 Qc8 18. Qa4 Qe6 19. Nc6 Bd6 20. Bxd6 Qxd6 21.
dxc5 bxc5 22. e4 Nxe4 23. Rxd5 Qf4 24. Ne7+ Kh8 25. Rf1 Rae8 26. Rf5 Qd6 27.
Qxe4 Rxe7 28. Qc4 Rc7 29. Rc1 Rd8 30. g3 Qd2 31. Rc2 Qe1+ 32. Kg2 Rd1 33. Qe2
Qxe2 34. Rxe2 Rc1 35. h4 g6 36. Rf6 Kg7 37. Ra6 h5 38. b3 c4 39. bxc4 R1xc4 40.
Re3 R4c6 41. Rea3 Rxa6 42. Rxa6 Rb7 43. Kf3 Re7 44. Kf4 Kh6 45. f3 Kg7 46. g4
hxg4 47. Kxg4 Rc7 48. a4 Kh6 49. a5 Rc4+ 50. f4 f5+ 51. Kf3 Rc3+ 52. Ke2 Kh5
53. Rxa7 Kxh4 54. Rg7 Kg4 55. Rxg6+ Kxf4 56. a6 Ra3 57. Rf6 Ke4 58. Re6+ Kd5
59. Rf6 Ke4 60. Re6+ Kd5 61. Rf6 Ke4 62. Re6+ 1/2-1/2

[Event "4NCL Division 1c"]
[Site "Telford, ENG"]
[Date "2017.05.01"]
[Round "11.46"]
[White "Suarez Real, Alberto"]
[Black "Willis, Rupert"]
[Result "1-0"]
[WhiteElo "2434"]
[BlackElo "2179"]
[PlyCount "95"]
[EventDate "2017.05.01"]
[WhiteTeam "Guildford 2"]
[BlackTeam "Grantham Sharks 1"]

1. e4 d6 2. d4 Nf6 3. Nc3 g6 4. Nf3 Bg7 5. Be3 c6 6. Qd2 Qa5 7. Bd3 e5 8. h3
Nbd7 9. O-O O-O 10. a4 Re8 11. Rfe1 Qc7 12. a5 Nf8 13. Bh6 Ne6 14. Ne2 Nh5 15.
Be3 exd4 16. Nexd4 Nc5 17. Bh6 Nxd3 18. cxd3 Bh8 19. Rac1 a6 20. Ne2 Be6 21. d4
d5 22. e5 Qd7 23. Nf4 Nxf4 24. Qxf4 Qe7 25. Bg5 Qf8 26. Bf6 Rac8 27. Rc5 Bf5
28. Bxh8 Kxh8 29. g4 Be6 30. Re3 Qg7 31. Ne1 h6 32. Rf3 Kg8 33. Qd2 Rc7 34. Rf6
Rce7 35. Rc3 Kh7 36. Re3 Rh8 37. Nd3 Kg8 38. Qb4 Qf8 39. Nc5 Rc7 40. Ref3 Qe7
41. Qb6 Bc8 42. e6 Bxe6 43. Nxe6 fxe6 44. Rxg6+ Kh7 45. Rff6 e5 46. Rxh6+ Kg7
47. Rhg6+ Kh7 48. Re6 1-0

[Event "4NCL Division 1c"]
[Site "Telford, ENG"]
[Date "2017.05.01"]
[Round "11.48"]
[White "Collas, Silvia"]
[Black "Milson, Samuel A"]
[Result "1/2-1/2"]
[WhiteElo "2306"]
[BlackElo "2102"]
[PlyCount "84"]
[EventDate "2017.05.01"]
[WhiteTeam "Guildford 2"]
[BlackTeam "Grantham Sharks 1"]

1. Nf3 d5 2. c4 c6 3. e3 Nf6 4. Nc3 Nbd7 5. Qc2 e6 6. b3 Bd6 7. Bb2 Qe7 8. Be2
a6 9. d4 O-O 10. O-O b5 11. e4 dxe4 12. Nxe4 Nxe4 13. Qxe4 Bb7 14. c5 Bc7 15.
Bd3 Nf6 16. Qh4 h6 17. Ne5 Nd5 18. Qg3 Qg5 19. Qf3 Qf4 20. Qe2 f6 21. g3 Qg5
22. h4 Nf4 23. Qe4 Qf5 24. Qxf5 exf5 25. gxf4 fxe5 26. dxe5 Rad8 27. Rfd1 g6
28. Be2 Kf7 29. Bc3 h5 30. Kg2 Rxd1 31. Rxd1 Rd8 32. Bd4 Rd7 33. Kg3 Bd8 34.
Bf3 Be7 35. b4 Rd8 36. Rd2 Rd7 37. Bd1 Rd8 38. a4 Bc8 39. Bf3 Bb7 40. axb5 axb5
41. Rd3 Bf8 42. Bg2 Be7 1/2-1/2